Yogic management of life style disorders (Record no. 4302)

MARC details
000 -LEADER
fixed length control field 00484nam a2200169Ia 4500
008 - FIXED-LENGTH DATA ELEMENTS--GENERAL INFORMATION
fixed length control field 230917s9999||||xx |||||||||||||| ||und||
020 ## - ISBN
Price RS 700.00
040 ## - CATALOGING SOURCE
-- 5016225
Original cataloging agency VIVEKANANDA LIBRARY
041 ## - Language
-- English
082 ## - DDC NUMBER
Classification number 613.7046 B469Y
100 ## - MAIN ENTRY--PERSONAL NAME
Personal name Bhardwaj, Ishwar
245 #0 - TITLE STATEMENT
Title Yogic management of life style disorders
260 ## - PUBLICATION, DISTRIBUTION, ETC. (IMPRINT)
Place of publication, distribution, etc New Delhi
Name of publisher, distributor, etc Satyam Publishing HOuse
Date of publication, distribution, etc 2017
300 ## - PHYSICAL DESCRIPTION
Pages 197 p.
500 ## - GENERAL NOTE
General note 4339 06/01/2022 SPH22/504 13/01/2022 Centre for Yogic Studies
942 ## - ADDED ENTRY ELEMENTS (KOHA)
Koha item type Books
Holdings
Withdrawn status Lost status Damaged status Not for loan Location (home branch) Sublocation or collection (holding branch) Date acquired Koha issues (times borrowed) Koha full call number Accession No. Koha date last seen Koha item type
        VIVEKANANDA LIBRARY VIVEKANANDA LIBRARY 02/03/2022 1 613.7046 B469Y 394019 24/09/2024 Books
© Designed and Maintained by Vivekananda Library, MDU Rohtak